00476nam a22001457a 4500020001900000040000900019082001800028100002400046245003400070260004600104650004200150942001200192999001900204952010700223 a97981229705395 cNust a621.3824bRAJ aRaju, N.S.G9123371 aAntennas and Wave Propagation aNew Delhi:bPearson Education Inc,c2005. aAntennas and Wave Propagation9123372 2ddccBK c609584d609584 00102ddc4070aCEMEbCEMEcGENd2024-06-07l0o621.3824 RAJpCEME- 43010r2024-06-07w2024-06-07yBK